| 000 | 00802nam a2200241Ia 4500 | ||
|---|---|---|---|
| 003 | OSt | ||
| 005 | 20220208144419.0 | ||
| 008 | 210716s2016 xx 000 0 und d | ||
| 020 | _a9789351508953 | ||
| 040 | _cAIMIT LIBRARY | ||
| 041 | _aeng | ||
| 082 |
_a658.4 _21 _bSINC |
||
| 100 |
_aSingh, Chandrani. _917945 |
||
| 245 |
_aPrinciples and practices of management and organizational behaviour. _cBy Chandrani Singh and Aditi Khatri. |
||
| 250 | _a1st ed. | ||
| 260 |
_aNew Delhi : _bSage Publications , _c2016. |
||
| 300 |
_aXx, 418p. ;I-8 ; _c24 cm. |
||
| 650 |
_aUnderstanding and managing individual behaviour _917946 |
||
| 650 |
_aConflict management _917947 |
||
| 650 |
_aStaffing training and development _917948 |
||
| 700 |
_aKhatri, Aditi. _917949 |
||
| 942 |
_2ddc _cBK _e1st _k658.4 SINC |
||
| 999 |
_c211218 _d211218 |
||